[Event "Mercredi 2023.10.18 ABCD"]
[Site "Montreal CAN"]
[Date "2023.11.01"]
[Round "3"]
[White "Deboosere, Adam"]
[Black "Lima-Barbosa, Raphael"]
[Result "0-1"]
[WhiteElo "2012"]
[BlackElo "2001"]
[PlyCount "100"]
[EventDate "2023.10.18"]
[EventType "tourn"]
[EventRounds "5"]
[EventCountry "CAN"]

1. d4 Nf6 2. c4 g6 3. Nc3 Bg7 4. e4 d6 5. h3 O-O 6. Be3 e5 7. d5 Na6 8. g4 c6
9. Nge2 cxd5 10. cxd5 b5 11. a3 Nc5 12. Ng3 a6 13. Be2 Rb8 14. b4 Ncd7 15. Nb1
Nb6 16. Nd2 Bd7 17. Rc1 Nfxd5 18. exd5 Nxd5 19. Ndf1 Be6 20. Bf3 Nf4 21. Ne4 d5
22. Nc5 g5 23. Bxf4 gxf4 24. Nd2 Bc8 25. O-O Rb6 26. Bg2 Kh8 27. f3 f5 28. Re1
fxg4 29. hxg4 e4 30. fxe4 Bd4+ 31. Kf1 Qh4 32. Nd3 f3 33. Nxf3 Bxg4 34. e5 Bxf3
35. Qxf3 Rxf3+ 36. Bxf3 Qg3 37. Rc8+ Kg7 38. Ke2 Rh6 39. Rc7+ Kf8 40. Rf1 Ke8
41. Rc8+ Kd7 42. Rf8 Bxe5 43. Nc5+ Ke7 44. Bxd5 Rh2+ 45. Kd1 Qg4+ 46. R8f3 Qd4+
47. Nd3 Qxd5 48. Re3 Qb3+ 49. Ke1 Qc3+ 50. Kd1 Qd2# 0-1

[Event "Mercredi 2023.10.18 ABCD"]
[Site "Montreal CAN"]
[Date "2023.11.01"]
[Round "3"]
[White "Di Matteo, Alessio"]
[Black "Bain-Thouverez, Aurelien"]
[Result "1-0"]
[WhiteElo "2066"]
[BlackElo "1987"]
[PlyCount "103"]
[EventDate "2023.10.18"]
[EventType "tourn"]
[EventRounds "5"]
[EventCountry "CAN"]

1. c4 Nf6 2. Nc3 d5 3. d4 g6 4. Nf3 Bg7 5. Qb3 dxc4 6. Qxc4 O-O 7. e4 Nc6 8.
Be2 e5 9. d5 Nd4 10. Qd3 Nd7 11. O-O Nc5 12. Qd1 a5 13. Be3 Nxe2+ 14. Qxe2 b6
15. Nd2 Ba6 16. Nb5 Qd7 17. a4 Nxa4 18. Rxa4 Bxb5 19. Rc4 Bxc4 20. Qxc4 Rfc8
21. Rc1 a4 22. Qd3 c5 23. Nc4 Rcb8 24. Qc3 f6 25. Na3 Bf8 26. Qd3 h5 27. f4 Bd6
28. Nc4 exf4 29. e5 Bxe5 30. Bd2 Qf5 31. Qf3 Bd4+ 32. Kh1 Be5 33. d6 b5 34.
Qd5+ Kh7 35. Qf7+ Kh8 36. Nxe5 fxe5 37. Qc7 Rc8 38. Qb7 Rab8 39. Qa7 Ra8 40.
Qb7 Rcb8 41. Qc6 Rd8 42. Re1 Rac8 43. Qd5 e4 44. Bc3+ Kh7 45. Be5 f3 46. Qb7+
Qd7 47. Qxe4 fxg2+ 48. Qxg2 Rf8 49. Bf6 Qc6 50. Re7+ Kg8 51. Rg7+ Kh8 52. Rc7+
1-0

[Event "Mercredi 2023.10.18 ABCD"]
[Site "Montreal CAN"]
[Date "2023.11.01"]
[Round "3"]
[White "Genzling, Jerome"]
[Black "Pomerantz, Daniel"]
[Result "1/2-1/2"]
[WhiteElo "2133"]
[BlackElo "2123"]
[PlyCount "64"]
[EventDate "2023.10.18"]
[EventType "tourn"]
[EventRounds "5"]
[EventCountry "CAN"]

1. e4 c6 2. Nf3 d5 3. Nc3 dxe4 4. Nxe4 Nf6 5. Qe2 Nxe4 6. Qxe4 Nd7 7. Bc4 Nf6
8. Ne5 e6 9. Qe2 Bd6 10. d4 O-O 11. O-O b5 12. Bb3 a5 13. c3 Qc7 14. Bf4 Nd5
15. Bg3 Bb7 16. a3 c5 17. Bc2 cxd4 18. cxd4 Qe7 19. Bd3 b4 20. a4 Rac8 21. Rac1
Rxc1 22. Rxc1 Qg5 23. Qd1 Rd8 24. Bxh7+ Kxh7 25. Nxf7 Qe7 26. Qh5+ Kg8 27. Nxd8
Qxd8 28. Bxd6 Qxd6 29. Qe8+ Kh7 30. Qh5+ Kg8 31. Qe8+ Kh7 32. Qh5+ Kg8 1/2-1/2

[Event "Mercredi 2023.10.18 ABCD"]
[Site "Montreal CAN"]
[Date "2023.11.01"]
[Round "3"]
[White "Guillemette, Hugo"]
[Black "Gelet, Seymour"]
[Result "1-0"]
[WhiteElo "2023"]
[BlackElo "2094"]
[PlyCount "75"]
[EventDate "2023.10.18"]
[EventType "tourn"]
[EventRounds "5"]
[EventCountry "CAN"]

1. e4 c5 2. Nf3 Nc6 3. Bb5 g6 4. Bxc6 bxc6 5. O-O Bg7 6. Re1 e5 7. d3 Ne7 8.
Be3 d6 9. h3 h6 10. Nbd2 O-O 11. Nc4 f5 12. exf5 Nxf5 13. Bd2 Qf6 14. Qe2 Be6
15. b3 Bd5 16. c3 Rf7 17. Nh2 Raf8 18. Ne3 Be6 19. Nhg4 Qh4 20. Rf1 Kh7 21.
Rae1 h5 22. Nh2 Ne7 23. Nc4 Nc8 24. f4 Bd5 25. fxe5 dxe5 26. Nxe5 Re7 27. Rxf8
Bxf8 28. Qf1 Bg7 29. Nhf3 Qg3 30. Ng5+ Kg8 31. Bf4 Bxg2 32. Bxg3 Bxf1 33. Kxf1
Bf6 34. Ngf3 Kg7 35. c4 g5 36. Nxc6 Rf7 37. Nce5 Bxe5 38. Bxe5+ 1-0

[Event "Mercredi 2023.10.18 ABCD"]
[Site "Montreal CAN"]
[Date "2023.11.01"]
[Round "3"]
[White "Kozlov, Guennadi"]
[Black "Baran, Marius"]
[Result "1-0"]
[WhiteElo "1830"]
[BlackElo "1729"]
[PlyCount "125"]
[EventDate "2023.10.18"]
[EventType "tourn"]
[EventRounds "5"]
[EventCountry "CAN"]

1. e4 c6 2. d4 d5 3. e5 Bf5 4. f4 e6 5. Nf3 Be7 6. Bd3 Bxd3 7. Qxd3 Nh6 8. O-O
Nd7 9. b3 c5 10. c3 O-O 11. Ng5 g6 12. Qh3 Bxg5 13. fxg5 Nf5 14. g4 Nxd4 15.
cxd4 cxd4 16. Qd3 Qb6 17. Bb2 Nxe5 18. Qxd4 Qxd4+ 19. Bxd4 Nc6 20. Bc5 Rfd8 21.
Nd2 b6 22. Ba3 e5 23. Rf6 Nd4 24. Bb2 Ne6 25. Bxe5 Nxg5 26. h4 Ne6 27. Raf1 Rd7
28. Rc1 Nc5 29. Rf3 Re8 30. Bd4 Re2 31. Re3 Rxe3 32. Bxe3 d4 33. Bh6 a5 34. Ne4
Rc7 35. Nf6+ Kh8 36. Nd5 Rb7 37. Nxb6 Rxb6 38. Rxc5 Rb8 39. Rd5 Kg8 40. Rxd4 f5
41. gxf5 gxf5 42. Rd5 Kf7 43. Rxa5 Kg6 44. Ra6+ Kh5 45. Be3 Kxh4 46. Rh6+ Kg3
47. Rxh7 Rg8 48. Kf1 f4 49. Bc5 Rd8 50. Rg7+ Kf3 51. Re7 Rd1+ 52. Re1 Rd2 53.
a3 Rb2 54. b4 Kg3 55. Ra1 Rh2 56. a4 Rh1+ 57. Bg1 f3 58. Ra2 Rh7 59. b5 Rd7 60.
Ra1 Rd2 61. b6 Rb2 62. a5 f2 63. Ra3+ 1-0

[Event "Mercredi 2023.10.18 ABCD"]
[Site "Montreal CAN"]
[Date "2023.11.01"]
[Round "3"]
[White "Morin-Pare, Victor"]
[Black "Landry, Sylvain"]
[Result "1-0"]
[WhiteElo "1893"]
[BlackElo "1889"]
[PlyCount "59"]
[EventDate "2023.10.18"]
[EventType "tourn"]
[EventRounds "5"]
[EventCountry "CAN"]

1. d4 d5 2. Bf4 Nf6 3. Nc3 c5 4. e4 Nxe4 5. Nxe4 dxe4 6. dxc5 Nd7 7. Bc4 Qa5+
8. c3 Qxc5 9. Qb3 e6 10. Be3 Qc7 11. Ne2 Ne5 12. Bb5+ Bd7 13. O-O-O Bd6 14. Ng3
Nd3+ 15. Kb1 Bxg3 16. hxg3 O-O 17. Bxd3 exd3 18. Rxd3 e5 19. Rdd1 Bf5+ 20. Kc1
b5 21. f3 Rab8 22. Qb4 Rfc8 23. Rd5 a5 24. Qc5 Qb7 25. Qd6 b4 26. Qxe5 bxc3 27.
b3 Be6 28. Bd4 Kf8 29. Qxg7+ Ke8 30. Qh8+ 1-0

[Event "Mercredi 2023.10.18 ABCD"]
[Site "Montreal CAN"]
[Date "2023.11.01"]
[Round "3"]
[White "Singher, Jean-Pierre"]
[Black "Templonueva, Mark Geryl"]
[Result "0-1"]
[WhiteElo "1969"]
[BlackElo "1860"]
[PlyCount "70"]
[EventDate "2023.10.18"]
[EventType "tourn"]
[EventRounds "5"]
[EventCountry "CAN"]

1. d4 Nf6 2. Bf4 d5 3. Nc3 c5 4. e3 cxd4 5. exd4 a6 6. Bd3 Nc6 7. Nce2 Nb4 8.
Nf3 Bg4 9. Ne5 Nxd3+ 10. Qxd3 Bxe2 11. Qxe2 Qb6 12. c3 e6 13. O-O Be7 14. Bg5
h6 15. Bh4 g5 16. Bg3 h5 17. f3 h4 18. Bf2 Nh5 19. Be3 f6 20. Ng6 Rh7 21. Qc2
Bd6 22. Nf4 Bxf4 23. Qxh7 Bxe3+ 24. Kh1 Nf4 25. g3 Qxb2 26. Rg1 hxg3 27. hxg3
Bxg1 28. Rxg1 Qxc3 29. gxf4 Qxf3+ 30. Rg2 O-O-O 31. fxg5 fxg5 32. Kh2 Qf4+ 33.
Kh1 Qxd4 34. Rc2+ Kb8 35. Qc7+ Ka7 0-1

[Event "Mercredi 2023.10.18 ABCD"]
[Site "Montreal CAN"]
[Date "2023.11.08"]
[Round "4"]
[White "Adam, Rafael"]
[Black "Batorshyn, Ilia	"]
[Result "1/2-1/2"]
[WhiteElo "2185"]
[BlackElo "2153"]
[PlyCount "113"]
[EventDate "2023.10.18"]
[EventType "tourn"]
[EventRounds "5"]
[EventCountry "CAN"]

1. Nf3 g6 2. g3 Bg7 3. c4 Nf6 4. Bg2 O-O 5. O-O d6 6. d4 Nc6 7. Nc3 e5 8. dxe5
Nxe5 9. Nxe5 dxe5 10. Bg5 Qxd1 11. Rfxd1 c6 12. Rd6 Be6 13. b3 h6 14. Be3 Ng4
15. Bc5 Rfe8 16. h3 Nf6 17. Rd2 Bf8 18. Na4 Nd7 19. Bd6 Rac8 20. Rad1 Bxd6 21.
Rxd6 Rc7 22. R1d2 Kf8 23. c5 Ke7 24. b4 Nf6 25. Nc3 a5 26. a3 axb4 27. axb4 Ra8
28. b5 cxb5 29. Nxb5 Rxc5 30. Rb6 Rb8 31. Nd6 Nd5 32. Rxb7+ Rxb7 33. Nxb7 Rb5
34. Nd8 Kxd8 35. e4 f5 36. exd5 Bf7 37. h4 e4 38. Bf1 Rb1 39. Kg2 g5 40. hxg5
hxg5 41. d6 f4 42. gxf4 gxf4 43. Be2 f3+ 44. Bxf3 exf3+ 45. Kxf3 Kd7 46. Ke4
Rb5 47. Kf4 Bd5 48. Ke5 Be6+ 49. Kf4 Rf5+ 50. Ke4 Rh5 51. f4 Bf5+ 52. Ke5 Bh7+
53. Kd4 Kxd6 54. Rb2 Rd5+ 55. Ke3 Bf5 56. Rd2 Rxd2 57. Kxd2 1/2-1/2

[Event "Mercredi 2023.10.18 ABCD"]
[Site "Montreal CAN"]
[Date "2023.11.08"]
[Round "4"]
[White "Bain-Thouverez, Aurelien"]
[Black "Lima-Barbosa, Raphael"]
[Result "0-1"]
[WhiteElo "1987"]
[BlackElo "2001"]
[PlyCount "88"]
[EventDate "2023.10.18"]
[EventType "tourn"]
[EventRounds "5"]
[EventCountry "CAN"]

1. b4 d5 2. Nf3 Bf5 3. e3 e6 4. Bb2 Nf6 5. a3 Bd6 6. Be2 h6 7. O-O O-O 8. d3
Nbd7 9. Nbd2 c5 10. bxc5 Nxc5 11. Ne5 Qc7 12. f4 Na4 13. Bd4 Nc3 14. Qe1 Bxe5
15. fxe5 Nd7 16. Nf3 Rfc8 17. Rf2 Bg4 18. Bf1 Bxf3 19. gxf3 Nxe5 20. f4 Ng6 21.
Rg2 Nb5 22. c3 Nxd4 23. cxd4 Qc3 24. Qd1 Nh4 25. Raa2 Nxg2 26. Rxg2 Qc1 27. Qe2
g6 28. h4 Kh7 29. Kh2 h5 30. Rf2 Qxa3 31. Bh3 Qd6 32. Kg2 Rg8 33. e4 dxe4 34.
dxe4 Qxd4 35. f5 gxf5+ 36. Kh2 Qe5+ 37. Kh1 Qxe4+ 38. Qxe4 fxe4 39. Rxf7+ Rg7
40. Rf6 Re8 41. Bxe6 e3 42. Bf5+ Kg8 43. Rh6 e2 44. Be6+ Kf8 0-1

[Event "Mercredi 2023.10.18 ABCD"]
[Site "Montreal CAN"]
[Date "2023.11.08"]
[Round "4"]
[White "Baran, Marius"]
[Black "Corbel, Mael"]
[Result "0-1"]
[WhiteElo "1729"]
[BlackElo "1746"]
[PlyCount "128"]
[EventDate "2023.10.18"]
[EventType "tourn"]
[EventRounds "5"]
[EventCountry "CAN"]

1. e4 e5 2. Nf3 Nf6 3. Nc3 Bb4 4. Nd5 Nxd5 5. exd5 O-O 6. Bc4 e4 7. Nd4 Bc5 8.
Ne2 Bxf2+ 9. Kxf2 e3+ 10. dxe3 Qh4+ 11. Ng3 Qxc4 12. Qd3 Qc5 13. Bd2 d6 14. Ne4
Qb6 15. Ng5 g6 16. Qd4 Qxd4 17. exd4 Bf5 18. Rhe1 h6 19. Nf3 g5 20. h3 Na6 21.
c3 Rfe8 22. Rxe8+ Rxe8 23. Re1 Rxe1 24. Nxe1 Bb1 25. a3 Ba2 26. Nc2 Bxd5 27.
Ne3 Be6 28. g4 c6 29. c4 d5 30. cxd5 cxd5 31. Kg3 f6 32. h4 Nc7 33. hxg5 hxg5
34. Bb4 Kf7 35. Bc5 b6 36. Bb4 Nb5 37. Bc3 Nxc3 38. bxc3 Ke7 39. Kf3 Kd6 40.
Ke2 Kc6 41. a4 b5 42. Kf3 bxa4 43. Nc2 f5 44. gxf5 Bxf5 45. Na3 Kd7 46. Kg3 Ke6
47. Kf3 Be4+ 48. Kg4 Bf5+ 49. Kf3 Kf6 50. c4 dxc4 51. Nxc4 Be6 52. Na3 Bd5+ 53.
Kg4 Kg6 54. Nc2 Bb3 55. Na3 Bd1+ 56. Kg3 Kf5 57. Nb5 a6 58. Nd6+ Ke6 59. Nc4
Be2 60. Na3 Kd5 61. Kf2 Bd3 62. Ke3 Bh7 63. Kf3 Kxd4 64. Kg4 Kc3 0-1

[Event "Mercredi 2023.10.18 ABCD"]
[Site "Montreal CAN"]
[Date "2023.11.08"]
[Round "4"]
[White "Chapdelaine, Gwyn"]
[Black "Pomerantz, Daniel"]
[Result "0-1"]
[WhiteElo "2112"]
[BlackElo "2123"]
[PlyCount "146"]
[EventDate "2023.10.18"]
[EventType "tourn"]
[EventRounds "5"]
[EventCountry "CAN"]

1. c4 e6 2. e4 d5 3. cxd5 exd5 4. exd5 Nf6 5. Bb5+ Nbd7 6. Nc3 a6 7. Be2 Be7 8.
Nf3 Nb6 9. d4 O-O 10. O-O Nbxd5 11. Bg5 Be6 12. Ne5 Qd6 13. Nc4 Nxc3 14. bxc3
Qc6 15. Qd3 Rfe8 16. Ne5 Qe4 17. Qd2 h6 18. Bf3 Qf5 19. Bh4 Ne4 20. Bxe4 Qxe4
21. Bxe7 Rxe7 22. f4 Rd8 23. Rae1 Qf5 24. g4 Qf6 25. Rf3 c5 26. g5 Qf5 27. Rg3
h5 28. Nf3 cxd4 29. Nxd4 Qc5 30. g6 fxg6 31. Rxg6 Bf7 32. Rxe7 Qxe7 33. Rg5 Qe4
34. Re5 Qb1+ 35. Kf2 Qh1 36. Ke3 b5 37. Qf2 b4 38. Nf5 Qc1+ 39. Kf3 Qxc3+ 40.
Re3 Rd3 41. Kg2 Rxe3 42. Nxe3 Qc6+ 43. Kg3 a5 44. Qd2 Kh7 45. Kf2 Qc3 46. Qd7
Qf6 47. Qc7 Qb2+ 48. Kg3 Qxa2 49. f5 Qd2 50. Qxf7 Qxe3+ 51. Kg2 Qg5+ 52. Kf2 a4
53. Ke2 b3 54. f6 Qe5+ 55. Kd1 Qd4+ 56. Ke2 Qb2+ 57. Kd1 Qd4+ 58. Ke2 Qb2+ 59.
Kd1 Qxf6 60. Qxh5+ Qh6 61. Qf5+ Qg6 62. Qh3+ Kg8 63. Qc8+ Kf7 64. Qd7+ Kf6 65.
Qc6+ Kg5 66. h4+ Kh6 67. Qxa4 Qc2+ 68. Ke1 Qc3+ 69. Kf2 Qd2+ 70. Kg3 Qd6+ 71.
Kg4 b2 72. Qb3 Qg6+ 73. Kh3 b1=Q 0-1

[Event "Mercredi 2023.10.18 ABCD"]
[Site "Montreal CAN"]
[Date "2023.11.08"]
[Round "4"]
[White "Destree, Frederic"]
[Black "Beaulieu, Pierre"]
[Result "0-1"]
[WhiteElo "1834"]
[BlackElo "1800"]
[PlyCount "82"]
[EventDate "2023.10.18"]
[EventType "tourn"]
[EventRounds "5"]
[EventCountry "CAN"]

1. Nf3 g6 2. g3 d6 3. Bg2 Bd7 4. d4 Bg7 5. c4 Qc8 6. Nc3 c6 7. Bf4 h6 8. h4 Nf6
9. Qd2 b5 10. cxb5 cxb5 11. Rc1 Qb7 12. O-O b4 13. Nd1 Bc6 14. Qc2 O-O 15. Ne1
Bxg2 16. Nxg2 Nbd7 17. Qd2 Kh7 18. Rc4 a5 19. Nde3 e5 20. Rfc1 exf4 21. Nxf4
Rfc8 22. Qd3 Rxc4 23. Nxc4 Rc8 24. Rd1 Bf8 25. h5 Qe4 26. hxg6+ fxg6 27. Nxa5
Qxd3 28. Nxd3 d5 29. f3 Nb6 30. Kf2 Rc7 31. Nb3 Bd6 32. Rd2 Nh5 33. Ne5 Nc4 34.
Rd1 Nxb2 35. Rb1 Nc4 36. f4 Nf6 37. Rh1 Ne4+ 38. Kf3 Ncd2+ 39. Nxd2 Nxd2+ 40.
Ke3 Ne4 41. Nd3 Nxg3 0-1

[Event "Mercredi 2023.10.18 ABCD"]
[Site "Montreal CAN"]
[Date "2023.11.08"]
[Round "4"]
[White "Di Matteo, Alessio"]
[Black "Guillemette, Hugo"]
[Result "1-0"]
[WhiteElo "2066"]
[BlackElo "2023"]
[PlyCount "85"]
[EventDate "2023.10.18"]
[EventType "tourn"]
[EventRounds "5"]
[EventCountry "CAN"]

1. d4 Nf6 2. c4 e6 3. Nc3 Bb4 4. e3 O-O 5. Bd3 d5 6. Nf3 c5 7. O-O cxd4 8. exd4
dxc4 9. Bxc4 b6 10. Bg5 Bb7 11. Qe2 Nbd7 12. Ne5 h6 13. Bh4 Rc8 14. Nxd7 Qxd7
15. Bxf6 gxf6 16. d5 Bxc3 17. Qg4+ Kh8 18. bxc3 Bxd5 19. Rfd1 Qa4 20. Qh4 Rxc4
21. Qxh6+ Kg8 22. Qxf6 Rg4 23. f3 Qc2 24. g3 Rg6 25. Qd4 Bxf3 26. Rd2 Qe4 27.
Qf2 Qc6 28. Rf1 Bd5 29. Qe3 Rc8 30. Qf4 Rc7 31. Qh4 Qxc3 32. Rdf2 Qc5 33. h3
Qd6 34. Kh2 f5 35. Rg1 Rcg7 36. Rc2 Bb7 37. Rf2 Rh7 38. Qf4 Rgh6 39. h4 Rxh4+
40. gxh4+ Kf7 41. Qxd6 Rxh4+ 42. Kg3 Rg4+ 43. Kh3 1-0

[Event "Mercredi 2023.10.18 ABCD"]
[Site "Montreal CAN"]
[Date "2023.11.08"]
[Round "4"]
[White "Gelet, Seymour"]
[Black "Deboosere, Adam"]
[Result "1-0"]
[WhiteElo "2094"]
[BlackElo "2012"]
[PlyCount "37"]
[EventDate "2023.10.18"]
[EventType "tourn"]
[EventRounds "5"]
[EventCountry "CAN"]

1. d4 Nf6 2. Bg5 c5 3. Nc3 cxd4 4. Qxd4 Nc6 5. Qh4 e6 6. O-O-O Be7 7. e4 d6 8.
f4 e5 9. Nf3 Qa5 10. Rxd6 Bxd6 11. Bxf6 Bf8 12. Nxe5 Nxe5 13. Bxe5 Bd7 14. Nd5
Rc8 15. Bxg7 Rxc2+ 16. Kxc2 Qc5+ 17. Bc3 Bg7 18. b4 Ba4+ 19. Kc1 1-0

[Event "Mercredi 2023.10.18 ABCD"]
[Site "Montreal CAN"]
[Date "2023.11.08"]
[Round "4"]
[White "Kozlov, Guennadi"]
[Black "Cote, Etienne"]
[Result "1/2-1/2"]
[WhiteElo "1830"]
[BlackElo "1807"]
[PlyCount "123"]
[EventDate "2023.10.18"]
[EventType "tourn"]
[EventRounds "5"]
[EventCountry "CAN"]

1. e4 e6 2. d4 d5 3. Nd2 Nc6 4. c3 e5 5. exd5 Qxd5 6. Ngf3 Bg4 7. Bc4 Qd7 8. h3
Bh5 9. g4 Bg6 10. d5 Nce7 11. Nxe5 Qd6 12. Nxg6 hxg6 13. Ne4 Qe5 14. Qe2 Nf6
15. Nxf6+ Qxf6 16. Bb5+ c6 17. dxc6 bxc6 18. Ba4 Rd8 19. Bd2 Rxd2 20. Qxd2 Qf3
21. Bxc6+ Qxc6 22. O-O-O f6 23. Qd8+ Kf7 24. Qd7 Qc5 25. Qd4 Nc6 26. Qd5+ Qxd5
27. Rxd5 Ke6 28. Rd3 g5 29. Rf1 Bd6 30. Re1+ Ne5 31. Kc2 Bc5 32. Re2 Bxf2 33.
Rd1 Bb6 34. Rh1 Kf7 35. Ree1 Ng6 36. Ref1 Bc7 37. Rd1 Ke6 38. Rd4 Bb6 39. Rc4
Rh4 40. Re4+ Kd5 41. Re8 Nf4 42. Rg8 Rxh3 43. Rxh3 Nxh3 44. Rxg7 Nf2 45. b3
Nxg4 46. c4+ Kd4 47. Rd7+ Ke4 48. b4 Ne5 49. Re7 Be3 50. c5 Kd5 51. Rxa7 g4 52.
Rg7 Bg5 53. Kd1 Kc4 54. a3 Kd3 55. Ke1 Bc1 56. Ra7 f5 57. Kf1 f4 58. c6 Nxc6
59. Rc7 Bxa3 60. Rxc6 Bxb4 61. Rg6 g3 62. Kg2 1/2-1/2

[Event "Mercredi 2023.10.18 ABCD"]
[Site "Montreal CAN"]
[Date "2023.11.08"]
[Round "4"]
[White "Latorre, Vincent"]
[Black "Genzling, Jerome"]
[Result "1-0"]
[WhiteElo "2219"]
[BlackElo "2133"]
[PlyCount "111"]
[EventDate "2023.10.18"]
[EventType "tourn"]
[EventRounds "5"]
[EventCountry "CAN"]

1. Nf3 c5 2. g3 Nc6 3. Bg2 g6 4. O-O Bg7 5. d3 d5 6. Nbd2 Nf6 7. e4 O-O 8. c3
e5 9. exd5 Nxd5 10. Re1 Re8 11. a4 b6 12. Nc4 Bb7 13. a5 Rb8 14. Qb3 Ba8 15.
axb6 axb6 16. Ng5 Qd7 17. Ne4 Nce7 18. Bg5 Bc6 19. Bxe7 Qxe7 20. Ra6 Qc7 21.
Ned6 Re6 22. Nb5 Qd8 23. Ra7 Rb7 24. Rxb7 Bxb7 25. Ncd6 Rxd6 26. Nxd6 Qxd6 27.
c4 Nb4 28. Bxb7 Qxd3 29. Qxd3 Nxd3 30. Rd1 Nxb2 31. Rd8+ Bf8 32. Bd5 Kg7 33.
Rd7 Kh6 34. Rxf7 Bg7 35. g4 g5 36. Rb7 Na4 37. Be4 Nc3 38. Rxb6+ Bf6 39. Rxf6+
Kg7 40. Re6 Nxe4 41. Rxe5 Nc3 42. Rxg5+ Kf6 43. Rxc5 h6 44. h4 Ne2+ 45. Kf1 Nd4
46. g5+ hxg5 47. hxg5+ Kg6 48. Rd5 Nf3 49. Ke2 Nh4 50. c5 Kf7 51. c6 Ke6 52. c7
Ng6 53. c8=Q+ Kf7 54. Qf5+ Kg7 55. Rd7+ Kh8 56. Qf6+ 1-0

[Event "Mercredi 2023.10.18 ABCD"]
[Site "Montreal CAN"]
[Date "2023.11.08"]
[Round "4"]
[White "Li, Yi Lin"]
[Black "Morin-Pare, Victor"]
[Result "1-0"]
[WhiteElo "1982"]
[BlackElo "1893"]
[PlyCount "45"]
[EventDate "2023.10.18"]
[EventType "tourn"]
[EventRounds "5"]
[EventCountry "CAN"]

1. e4 c6 2. d4 d5 3. exd5 cxd5 4. Bd3 Nc6 5. c3 Nf6 6. h3 g6 7. Qc2 e5 8. dxe5
Nxe5 9. Qe2 Qe7 10. Bb5+ Bd7 11. Be3 Bg7 12. Nd2 O-O 13. Bxd7 Nfxd7 14. Ngf3
Rfe8 15. O-O Nxf3+ 16. Qxf3 Ne5 17. Qxd5 Rad8 18. Qb3 Qh4 19. Bd4 Bh6 20. Bxe5
Rxe5 21. Nf3 Qf6 22. Nxe5 Qxe5 23. Rfe1 1-0

[Event "Mercredi 2023.10.18 ABCD"]
[Site "Montreal CAN"]
[Date "2023.11.08"]
[Round "4"]
[White "Singher, Jean-Pierre"]
[Black "Avarian, Sevag"]
[Result "1-0"]
[WhiteElo "1969"]
[BlackElo "1967"]
[PlyCount "39"]
[EventDate "2023.10.18"]
[EventType "tourn"]
[EventRounds "5"]
[EventCountry "CAN"]

1. d4 Nf6 2. Bf4 g6 3. Nc3 d5 4. e3 c6 5. h4 h5 6. Nf3 Bg4 7. Be2 Bxf3 8. Bxf3
Qa5 9. Qd2 Nbd7 10. O-O Bg7 11. Rad1 O-O 12. Nxd5 Qd8 13. Nc3 Nb6 14. e4 Nc4
15. Qe2 b5 16. b3 Qa5 17. bxc4 Qxc3 18. cxb5 e6 19. bxc6 Qxc6 20. Be5 1-0

[Event "Mercredi 2023.10.18 ABCD"]
[Site "Montreal CAN"]
[Date "2023.11.08"]
[Round "4"]
[White "Templonueva, Mark Geryl"]
[Black "Landry, Sylvain"]
[Result "1-0"]
[WhiteElo "1860"]
[BlackElo "1889"]
[PlyCount "75"]
[EventDate "2023.10.18"]
[EventType "tourn"]
[EventRounds "5"]
[EventCountry "CAN"]

1. d4 d5 2. c4 c6 3. Nc3 Nf6 4. Nf3 dxc4 5. g3 Bf5 6. Bg2 Nbd7 7. O-O h6 8. b3
cxb3 9. Qxb3 Qb6 10. Qc4 e6 11. Ne5 Qb4 12. a3 Qxc4 13. Nxc4 Be7 14. e4 Bh7 15.
Na5 O-O 16. Nxb7 e5 17. d5 cxd5 18. exd5 Rac8 19. Nb5 Ne4 20. d6 Bf6 21. Re1
Nec5 22. Nxa7 Nd3 23. Nxc8 Nxe1 24. Bh3 Rxc8 25. Bxd7 Rb8 26. Bc6 Nc2 27. Ra2
Rc8 28. Bd5 Nd4 29. Bd2 e4 30. g4 Nf3+ 31. Kg2 Ne5 32. h3 Nd7 33. Be3 Be5 34.
a4 Nf6 35. Bb3 Rc3 36. Rc2 Kf8 37. a5 Nd7 38. a6 1-0

[Event "Mercredi 2023.10.18 ABCD"]
[Site "Montreal CAN"]
[Date "2023.11.15"]
[Round "5"]
[White "Avarian, Sevag"]
[Black "Templonueva, Mark Geryl"]
[Result "1/2-1/2"]
[WhiteElo "1967"]
[BlackElo "1860"]
[PlyCount "91"]
[EventDate "2023.10.18"]
[EventType "tourn"]
[EventRounds "5"]
[EventCountry "CAN"]

1. d4 Nf6 2. c4 c5 3. d5 b5 4. cxb5 a6 5. bxa6 g6 6. Nc3 d6 7. e4 Bg7 8. Bb5+
Bd7 9. Qe2 O-O 10. Bxd7 Nbxd7 11. Nf3 Qb6 12. O-O Ng4 13. h3 Nge5 14. Nxe5 Nxe5
15. f4 Nd3 16. Kh2 c4 17. Qc2 Rxa6 18. a4 Rc8 19. Ra3 Qd4 20. Qe2 Qb6 21. Qc2
Raa8 22. Nb5 Qc5 23. b3 Nb4 24. Qxc4 Qxc4 25. bxc4 Rxc4 26. e5 dxe5 27. f5 Nxd5
28. fxg6 hxg6 29. Rd1 e6 30. a5 Bf8 31. Ra1 Rc5 32. Na3 Rcxa5 33. Rd3 e4 34.
Rb3 e3 35. Kg1 Bc5 36. Kf1 Bd4 37. Rab1 e2+ 38. Ke1 Nc3 39. Ra1 Rf5 40. Bb2
Rf1+ 41. Kd2 Rxa1 42. Bxa1 Rxa3 43. Rxa3 Bf2 44. Ra8+ Kh7 45. Rh8+ Kxh8 46.
Bxc3+ 1/2-1/2

[Event "Mercredi 2023.10.18 ABCD"]
[Site "Montreal CAN"]
[Date "2023.11.15"]
[Round "5"]
[White "Batorshyn, Ilia	"]
[Black "Chapdelaine, Gwyn"]
[Result "1-0"]
[WhiteElo "2153"]
[BlackElo "2112"]
[PlyCount "95"]
[EventDate "2023.10.18"]
[EventType "tourn"]
[EventRounds "5"]
[EventCountry "CAN"]

1. d4 b6 2. c4 Bb7 3. Nc3 Nf6 4. Nf3 e6 5. e3 Bb4 6. Bd3 c5 7. a3 Bxc3+ 8. bxc3
d6 9. O-O Nbd7 10. Qe2 Ne4 11. Bxe4 Bxe4 12. Nd2 Bg6 13. e4 O-O 14. a4 d5 15.
e5 cxd4 16. cxd4 Rc8 17. Ba3 Re8 18. f4 Nb8 19. c5 bxc5 20. Bxc5 Nd7 21. Nb3
Rb8 22. Ra3 Nxc5 23. Nxc5 Qa5 24. g4 Qb4 25. Qe3 Be4 26. Ra2 Qc4 27. Rd2 Rec8
28. f5 Rxc5 29. dxc5 Rb3 30. Qd4 Rc3 31. Qxc4 Rxc4 32. Rb2 h6 33. fxe6 fxe6 34.
h3 Rxc5 35. Rb7 d4 36. Rd7 d3 37. Rd4 Bg6 38. h4 h5 39. Rd8+ Kh7 40. Rff8 Be4
41. gxh5 Kh6 42. Rh8+ Bh7 43. Rxd3 Rxe5 44. Rd6 g5 45. Rd7 gxh4 46. Rdxh7+ Kg5
47. Rg7+ Kf4 48. Rf8+ 1-0

[Event "Mercredi 2023.10.18 ABCD"]
[Site "Montreal CAN"]
[Date "2023.11.15"]
[Round "5"]
[White "Beaulieu, Pierre"]
[Black "Kozlov, Guennadi"]
[Result "0-1"]
[WhiteElo "1800"]
[BlackElo "1830"]
[PlyCount "86"]
[EventDate "2023.10.18"]
[EventType "tourn"]
[EventRounds "5"]
[EventCountry "CAN"]

1. b3 f5 2. Bb2 Nf6 3. Nf3 e6 4. e3 d5 5. h4 a5 6. h5 h6 7. Ne5 a4 8. Ng6 Rg8
9. bxa4 Bd6 10. c4 c6 11. Nc3 Na6 12. Be2 Nc5 13. Kf1 Kf7 14. Rh4 Re8 15. Qc2
Kg8 16. f3 e5 17. cxd5 cxd5 18. Nb5 b6 19. Nxd6 Qxd6 20. Bb5 Bd7 21. d4 exd4
22. exd4 Nxa4 23. Bxd7 Qxd7 24. Qb3 b5 25. Ne5 Qb7 26. Kf2 Qb6 27. Kg3 Qa5 28.
Bc1 Nb6 29. Rh1 Nc4 30. Bf4 Qb6 31. Qc3 Ne4+ 32. fxe4 Ra3 33. Qxa3 Nxa3 34.
exd5 Qxd4 35. Rad1 Qc5 36. d6 Nc4 37. d7 Rd8 38. Nxc4 Qxc4 39. Rd2 Qf7 40. Rhd1
Qxh5 41. Bc7 f4+ 42. Bxf4 Qg6+ 43. Kh2 Qh5+ {time} 0-1

[Event "Mercredi 2023.10.18 ABCD"]
[Site "Montreal CAN"]
[Date "2023.11.15"]
[Round "5"]
[White "Cote, Etienne"]
[Black "Baran, Marius"]
[Result "1/2-1/2"]
[WhiteElo "1807"]
[BlackElo "1729"]
[PlyCount "98"]
[EventDate "2023.10.18"]
[EventType "tourn"]
[EventRounds "5"]
[EventCountry "CAN"]

1. e4 c6 2. Nc3 d5 3. Nf3 dxe4 4. Nxe4 Qd5 5. Nc3 Qe6+ 6. Be2 Nf6 7. O-O Qd6 8.
Re1 e6 9. Bc4 Be7 10. a4 b6 11. d4 O-O 12. Ne4 Nxe4 13. Rxe4 Ba6 14. Bf4 Qd8
15. Bb3 Bb7 16. c4 Nd7 17. Re3 Nf6 18. Ne5 c5 19. Rd3 Qc8 20. d5 exd5 21. cxd5
Bd6 22. Ng6 hxg6 23. Bxd6 Re8 24. Bc4 a6 25. h3 Qd7 26. Bg3 b5 27. axb5 axb5
28. Ba2 c4 29. Rd4 Bxd5 30. Bh4 Rad8 31. Bxf6 gxf6 32. Qd2 Qc6 33. Rd1 Ra8 34.
Qh6 Be4 35. Bb1 f5 36. f3 Qc5 37. fxe4 Ra1 38. Qd2 fxe4 39. Kh1 e3 40. Qc3 e2
41. Re1 Rxb1 42. Rxb1 e1=Q+ 43. Rxe1 Rxe1+ 44. Qxe1 Qxd4 45. Qe8+ Kg7 46. Qxb5
Qd1+ 47. Kh2 Qd6+ 48. Kg1 Qd1+ 49. Kf2 Qd2+ 1/2-1/2